[Event "Urals-ch"]
[Site "Satka"]
[Date "2012.03.28"]
[Round "5"]
[White "Matveev, Vladimir A"]
[Black "Artamonov, Valery"]
[Result "1-0"]
[WhiteElo "2323"]
[BlackElo "2250"]
[PlyCount "73"]
[EventDate "2012.03.24"]
[EventType "swiss"]
[EventRounds "9"]
[EventCountry "RUS"]
[SourceTitle "CBM 147 Extra"]
[Source "ChessBase"]
[SourceDate "2012.04.24"]
[SourceVersion "1"]
[SourceVersionDate "2012.04.24"]
[SourceQuality "1"]

1. d4 Nf6 2. c4 c5 3. d5 b5 4. cxb5 e6 5. Nc3 exd5 6. Nxd5 Bb7 7. Nxf6+ Qxf6 8. Nf3 a6 9. bxa6 Rxa6 10. e4 Re6 11. Ng5 Bxe4 12. Nxe6 fxe6 13. f3 Bd5 14. Be3 Bd6 15. Qd2 0-0 16. Rc1 Nc6 17. Bc4 Qh4+ 18. Qf2 Qh5 19. Bxd5 exd5 20. Bxc5 Ne5 21. Rc3 Re8 22. Kd1 Bb8 23. Re1 Rc8 24. Qd4 Nc4 25. Rd3 d6 26. Bb4 Qf7 27. Bc3 Ne5 28. Rxe5 dxe5 29. Qxd5 Re8 30. Qxf7+ Kxf7 31. Rd7+ Kf6 32. a4 h5 33. a5 Re6 34. Rb7 Bd6 35. a6 Bc5 36. b4 Bg1 37. b5 1-0

[Event "Urals-ch"]
[Site "Satka"]
[Date "2012.03.24"]
[Round "1"]
[White "Kaliev, Konstantin Arkadiev"]
[Black "Matveev, Vladimir A"]
[Result "1/2-1/2"]
[WhiteElo "1962"]
[BlackElo "2323"]
[PlyCount "83"]
[EventDate "2012.03.24"]
[EventType "swiss"]
[EventRounds "9"]
[EventCountry "RUS"]
[SourceTitle "CBM 147 Extra"]
[Source "ChessBase"]
[SourceDate "2012.04.24"]
[SourceVersion "1"]
[SourceVersionDate "2012.04.24"]
[SourceQuality "1"]

1. d4 Nf6 2. c4 g6 3. Nf3 Bg7 4. g3 0-0 5. Bg2 d6 6. Nc3 Nc6 7. 0-0 Bf5 8. Ne1 Na5 9. e4 Bd7 10. Qe2 c5 11. d5 a6 12. Bd2 b5 13. cxb5 axb5 14. Nxb5 Qb6 15. Nc3 Rfb8 16. Nc2 Qxb2 17. Ne3 Qb6 18. Rfb1 Qa7 19. Rxb8+ Rxb8 20. Rb1 Rb4 21. Nc2 Rxb1+ 22. Nxb1 Qb6 23. Nba3 h5 24. Qe1 Nb7 25. h3 Ba4 26. Nc4 Qa6 27. N2a3 Nd7 28. Bf1 Qa7 29. Qb1 Bd4 30. Kg2 Kg7 31. f4 e6 32. Nb5 Bxb5 33. Qxb5 Nd8 34. Ba5 exd5 35. Nxd6 Nc6 36. Qxc6 Qxa5 37. Qxd7 Qxa2+ 38. Kh1 Qf2 39. Qxf7+ Kh6 40. Qf8+ Bg7 41. Nf7+ Kh7 42. Ng5+ 1/2-1/2

[Event "Rybinsk-ch"]
[Site "Rybinsk"]
[Date "2010.03.22"]
[Round "12"]
[White "Arbuzov, Ivan"]
[Black "Matveev, Vladimir A"]
[Result "1/2-1/2"]
[WhiteElo "1829"]
[BlackElo "2075"]
[PlyCount "91"]
[EventDate "2010.03.15"]
[EventType "tourn"]
[EventRounds "13"]
[EventCountry "RUS"]
[SourceTitle "EXT 2012"]
[Source "ChessBase"]
[SourceDate "2011.11.24"]
[SourceVersion "1"]
[SourceVersionDate "2011.11.24"]
[SourceQuality "1"]

1. e4 c5 2. c3 Nf6 3. e5 Nd5 4. d4 cxd4 5. Nf3 Nc6 6. cxd4 d6 7. Bc4 e6 8. 0-0 Be7 9. Qe2 0-0 10. Qe4 Qb6 11. Nbd2 Bd7 12. Nb3 Rae8 13. Re1 a5 14. Bg5 h6 15. Bxe7 Ncxe7 16. exd6 Qxd6 17. Ne5 b6 18. f4 Rd8 19. Rad1 Bc6 20. Nxc6 Nxc6 21. g3 a4 22. Nc1 Nf6 23. Qe3 Nxd4 24. Ne2 Nxe2+ 25. Qxe2 Qc5+ 26. Kg2 a3 27. b3 Nd5 28. Bxd5 Rxd5 29. Rxd5 Qxd5+ 30. Qf3 Rc8 31. Re2 Qd1 32. Rf2 Qc1 33. Qe4 g6 34. Qb4 Qc6+ 35. Kg1 Qc5 36. Qxc5 Rxc5 37. Rd2 Rc1+ 38. Kf2 Rb1 39. Ke3 Rb2 40. Kd3 Rxd2+ 41. Kxd2 f6 42. Kc3 e5 43. fxe5 f5 44. Kd4 Kf7 45. Kd5 g5 46. b4 1/2-1/2

[Event "Rybinsk-ch"]
[Site "Rybinsk"]
[Date "2010.03.16"]
[Round "3"]
[White "Tachalov, Vyacheslav"]
[Black "Matveev, Vladimir A"]
[Result "1/2-1/2"]
[WhiteElo "2192"]
[BlackElo "2075"]
[PlyCount "112"]
[EventDate "2010.03.15"]
[EventType "tourn"]
[EventRounds "13"]
[EventCountry "RUS"]
[SourceTitle "EXT 2012"]
[Source "ChessBase"]
[SourceDate "2011.11.24"]
[SourceVersion "1"]
[SourceVersionDate "2011.11.24"]
[SourceQuality "1"]

1. e4 e6 2. d3 d5 3. Nd2 c5 4. Ngf3 Nc6 5. g3 Nf6 6. Bg2 g6 7. 0-0 Bg7 8. exd5 Nxd5 9. Nc4 0-0 10. Re1 f6 11. d4 Nb6 12. Nxb6 Qxb6 13. dxc5 Qxc5 14. Be3 Qh5 15. Nd4 Qxd1 16. Raxd1 Nxd4 17. Rxd4 a5 18. Rd6 f5 19. Bd4 Bxd4 20. Rxd4 Rb8 21. Re5 b6 22. Rd6 Kf7 23. Rb5 Ke7 24. Rdxb6 Rxb6 25. Rxb6 Rd8 26. Bb7 Rd1+ 27. Kg2 Bd7 28. Kf3 Rc1 29. c3 Rc2 30. Ke3 e5 31. Bf3 f4+ 32. gxf4 exf4+ 33. Kxf4 Rxf2 34. h4 a4 35. a3 Be6 36. Ke5 Rxf3 37. Rxe6+ Kf7 38. Rb6 Rf5+ 39. Kd6 Rf6+ 40. Kc7 Rxb6 41. Kxb6 h6 42. c4 g5 43. hxg5 hxg5 44. c5 g4 45. c6 g3 46. c7 g2 47. c8Q g1Q+ 48. Kb5 Qa7 49. Qg4 Qb7+ 50. Kxa4 Qxb2 51. Qb4 Qc2+ 52. Ka5 Ke8 53. a4 Kd8 54. Ka6 Qc6+ 55. Ka7 Qc7+ 56. Qb7 Qc5+ 1/2-1/2

[Event "RUS-chB U16"]
[Site "Dagomys"]
[Date "2009.04.15"]
[Round "1"]
[White "Shestakov, Andrey"]
[Black "Matveev, Vladimir A"]
[Result "0-1"]
[WhiteElo "1858"]
[BlackElo "2222"]
[PlyCount "62"]
[EventDate "2009.04.15"]
[EventType "swiss"]
[EventRounds "9"]
[EventCountry "RUS"]
[SourceTitle "EXT 2012"]
[Source "ChessBase"]
[SourceDate "2011.11.24"]
[SourceVersion "1"]
[SourceVersionDate "2011.11.24"]
[SourceQuality "1"]

1. d4 Nf6 2. Bg5 g6 3. Bxf6 exf6 4. c3 Bg7 5. e3 0-0 6. Bd3 d5 7. Ne2 f5 8. 0-0 Nd7 9. Nd2 Nf6 10. c4 dxc4 11. Bxc4 c6 12. Qc2 Nd5 13. g3 Be6 14. Nf4 Nxf4 15. gxf4 Bxc4 16. Qxc4 Rc8 17. Nf3 Qe7 18. Qb3 c5 19. dxc5 Rxc5 20. Rac1 Rfc8 21. Rxc5 Rxc5 22. Rd1 h6 23. Nd4 Qh4 24. Qd3 Rd5 25. Qb3 Bxd4 26. Rxd4 Rxd4 27. exd4 Qg4+ 28. Kf1 Qxf4 29. d5 Qc7 30. Qb4 a5 31. Qa3 Qc4+ 0-1

[Event "Rybinsk-ch"]
[Site "Rybinsk"]
[Date "2009.03.22"]
[Round "7"]
[White "Varjagin, Alexander"]
[Black "Matveev, Vladimir A"]
[Result "1-0"]
[WhiteElo "2249"]
[BlackElo "2094"]
[PlyCount "95"]
[EventDate "2009.03.15"]
[EventType "tourn"]
[EventRounds "13"]
[EventCountry "RUS"]
[SourceTitle "EXT 2022"]
[Source "ChessBase"]
[SourceDate "2021.10.06"]
[SourceVersion "1"]
[SourceVersionDate "2021.10.06"]
[SourceQuality "1"]

1. c4 Nf6 2. g3 e6 3. Bg2 d5 4. Nf3 c5 5. 0-0 Nc6 6. cxd5 exd5 7. d4 Be7 8. Nc3 0-0 9. Bg5 c4 10. Ne5 Be6 11. Nxc4 dxc4 12. Bxf6 Bxf6 13. d5 Bxd5 14. Qxd5 Qxd5 15. Bxd5 Na5 16. e4 Rac8 17. f4 Rfd8 18. e5 Be7 19. Rad1 Kf8 20. Kg2 a6 21. f5 f6 22. Ne4 b5 23. exf6 Bxf6 24. Nxf6 gxf6 25. Be6 Rb8 26. Kf3 Nc6 27. Ke4 Ne5 28. b3 Nd3 29. Ke3 Ne5 30. Rxd8+ Rxd8 31. bxc4 Nxc4+ 32. Bxc4 bxc4 33. Rc1 Rd3+ 34. Ke4 Rd2 35. a4 Rxh2 36. Rxc4 Rg2 37. Kd5 Re2 38. Re4 Rxe4 39. Kxe4 Ke7 40. Kd5 Kd7 41. Kc5 Kc7 42. g4 h6 43. a5 Kd7 44. Kd5 Ke7 45. Kc6 Ke8 46. Kd6 Kf7 47. Kd7 Kf8 48. Ke6 1-0

[Event "EU-ch U16 18th"]
[Site "Herceg Novi"]
[Date "2008.09.18"]
[Round "4"]
[White "Zubaidullin, Rustam"]
[Black "Matveev, Vladimir A"]
[Result "0-1"]
[WhiteElo "1929"]
[BlackElo "2187"]
[PlyCount "80"]
[EventDate "2008.09.15"]
[EventType "swiss"]
[EventRounds "9"]
[EventCountry "MNE"]
[SourceTitle "CBM 126 Extra"]
[Source "ChessBase"]
[SourceDate "2008.11.05"]
[SourceVersion "1"]
[SourceVersionDate "2008.11.05"]
[SourceQuality "1"]

1. e4 d6 2. d4 Nf6 3. Nc3 g6 4. Bg5 Bg7 5. Qd2 c6 6. Bh6 0-0 7. Bxg7 Kxg7 8. 0-0-0 b5 9. f3 Qa5 10. Kb1 e5 11. dxe5 dxe5 12. g4 b4 13. Nce2 Be6 14. Nc1 h5 15. gxh5 Nxh5 16. Nge2 Nd7 17. Rg1 Rad8 18. Qg5 Ndf6 19. Nd4 Nf4 20. Nf5+ Bxf5 21. Rxd8 Rxd8 22. exf5 Rd1 23. fxg6 fxg6 24. Bd3 Rxg1 25. Qxg1 Qb6 26. Qxb6 axb6 27. Bf1 N6d5 28. Nd3 Ne3 29. Nxf4 exf4 30. Bh3 Kf6 31. Kc1 Ke5 32. c3 bxc3 33. bxc3 g5 34. Kd2 c5 35. Kc1 Kd5 36. Kd2 Nc4+ 37. Kd3 Ne5+ 38. Ke2 Kc4 39. Be6+ Kxc3 40. h3 b5 0-1

[Event "EU-ch U16 18th"]
[Site "Herceg Novi"]
[Date "2008.09.15"]
[Round "1"]
[White "Matveev, Vladimir A"]
[Black "Arat, Umut Baris"]
[Result "1-0"]
[WhiteElo "2187"]
[BlackElo "1860"]
[PlyCount "39"]
[EventDate "2008.09.15"]
[EventType "swiss"]
[EventRounds "9"]
[EventCountry "MNE"]
[SourceTitle "CBM 126 Extra"]
[Source "ChessBase"]
[SourceDate "2008.11.05"]
[SourceVersion "1"]
[SourceVersionDate "2008.11.05"]
[SourceQuality "1"]

1. Nf3 d5 2. g3 c5 3. Bg2 Nc6 4. 0-0 e5 5. d3 f6 6. Nc3 Be6 7. a3 Bd6 8. e4 Nge7 9. Ng5 Bg8 10. exd5 Nd4 11. Nge4 Rb8 12. f4 exf4 13. Nxd6+ Qxd6 14. Bxf4 Qd8 15. Bxb8 Qxb8 16. Qg4 Kf8 17. Rae1 f5 18. Rxe7 Kxe7 19. Qxg7+ Bf7 20. Re1+ 1-0